| 000 | 01203nam a2200265Ia 4500 | ||
|---|---|---|---|
| 001 | 18307 | ||
| 003 | GE_BSU | ||
| 008 | 181216s||||||||xx |||||||||||||| ||und|| | ||
| 020 | _a9789941939389 | ||
| 040 | _cGE_BSU | ||
| 080 | _a336(031)+81'374=353.1=161.1=111 | ||
| 100 | _aქოქიაური,ლამარა | ||
| 245 | _aფინანსები=Finances=Финансы. ტ.1. წ.1. | ||
| 245 | _bენციკლოპედიური განმარტებითი ლექსიკონი | ||
| 245 | _cშემდგ. და რედ. ლ. ქოქიაური | ||
| 250 | _aთსუ.საქ.ტექნიკურიუნ-ტი. საფინანსო-საინვესტიციო პოლიტიკისა და სტრატეგიების ფონდი | ||
| 260 | _aთბილისი | ||
| 260 | _bსაქ. ტექნიკური უნ-ტი | ||
| 260 | _c2014 | ||
| 300 | _a1102გვ.30სმ. | ||
| 541 | _h62ლ. | ||
| 653 | _aენციკლოპედიური განმარტებითი ლექსიკონი | ||
| 653 | _aფინანსები | ||
| 942 | _cBK | ||
| 999 |
_c51338 _d51338 |
||